Επιπτώσεις από ανάπτυξη φωτοβολταϊκών συστημάτων στο αγροτικό τοπίο του Νομού λέσβου : απόψεις εμπλεκόμενων στη Λέσβο : διπλωματική εργασία

Αποθηκεύτηκε σε:
Λεπτομέρειες βιβλιογραφικής εγγραφής
Κύριος συγγραφέας: Αλάσης, Χρήστος
Συγγραφή απο Οργανισμό/Αρχή: Πανεπιστήμιο Αιγαίου. Σχολή Κοινωνικών Επιστημών. Τμήμα Γεωγραφίας
Άλλοι συγγραφείς: Κίζος, Αθανάσιος (Εισηγητής διατριβής)
Μορφή: Thesis Βιβλίο
Γλώσσα:Greek
Δημοσίευση: 2012
Θέματα:
Διαθέσιμο Online:http://hdl.handle.net/11610/6070
Ετικέτες: Προσθήκη ετικέτας
Δεν υπάρχουν, Καταχωρήστε ετικέτα πρώτοι!

MARC

LEADER 00000cam a2200000 i 4500
001 1/28554
008 130417s2012 gre d
035 |l 10114216 
040 |a GR-MY-UA  |b gre  |e aacr 
041 0 |a gre 
082 0 |a 333.79  |2 (22) 
100 1 |a Αλάσης, Χρήστος. 
245 1 0 |a Επιπτώσεις από ανάπτυξη φωτοβολταϊκών συστημάτων στο αγροτικό τοπίο του Νομού λέσβου :  |b απόψεις εμπλεκόμενων στη Λέσβο : διπλωματική εργασία /   |c Αλάσης Χρήστος ; επιβλέπων καθηγητής: Αθανάσιος Κίζος 
260 |c 2012 
300 |a 230 σ.;  |b πιν.;  |c 30 εκ. 
502 |a Πτυχιακή εργασία – Πανεπιστήμιο Αιγαίου, Λέσβος, 2012. 
504 |a Βιβλιογραφία: σ. 229-230, παραρτήματα 
650 0 |a Photovoltaic power systems  |z Greece  |z Lesbos (Nome) 
650 0 |a Renewable energy sources  |z Greece  |z Lesbos (Nome) 
650 0 0 |a Renewable energy sources  |x Environmental aspects. 
650 0 |a Photovoltaic power systems  |x Law and legislation  |z Greece  |z Lesbos (Nome) 
650 0 0 |a Dissertations, Academic  |z Greece. 
700 1 |4 ths  |a Κίζος, Αθανάσιος. 
710 2 |a Πανεπιστήμιο Αιγαίου.   |b Σχολή Κοινωνικών Επιστημών.   |b Τμήμα Γεωγραφίας. 
852 |a INST  |b LESVOS  |c DIATR  |e 20130417  |h 693  |p 005100052552  |q 005100052552  |t DIE  |y 23 
852 |a INST  |b LESVOS  |c DIATR  |e 20130417  |h 694  |p 005100052551  |q 005100052551  |t DIE  |y 23 
856 |u http://hdl.handle.net/11610/6070 
901 |a BIBL1-2013-1 
909 |a Λ  |b 179109 
909 |a Λ  |b 179108 
924 |a ΑΛΑΣΗΣ  |b ΧΡΗΣΤΟΣ  |y ΛΕΣΒΟΣ  |z 2012-10 
970 |a ΤΖΑΦΕΡΗ  |b ΕΥΑΓΓΕΛΙΑ  |z 2013/04/17